Louis Tomlinson - Lazy - All lyrics - Statistics

General Stats
  • This quiz has been taken 23 times
  • The average score is 106 of 126
Answer Stats
Answer % Correct
care
100%
don’t
100%
I
100%
it
100%
it’s
100%
just
100%
La-la-la-la
100%
(La-la-la-la)
100%
La-la-la-la-la
100%
La-la-la-la-la-la-la
100%
lazy
100%
Maybe
100%
me
100%
really
100%
that
100%
A
92%
feeling
92%
gonna
92%
Got
92%
here,
92%
here
92%
still
92%
the
92%
we
92%
we’re
92%
air
83%
hours
83%
in
83%
later
83%
make
83%
nothing
83%
ocean
83%
should
83%
Summer
83%
try
83%
An
75%
blaze
75%
Eighteen
75%
like,
75%
like
75%
Nothing’s
75%
Brighter
67%
could
67%
days
67%
getting
67%
if
67%
asteroid
58%
did
58%
doing
58%
near
58%
of
58%
pass
58%
system
58%
Thinking
58%
time
58%
us
58%
blow
50%
can
50%
distant
50%
notice
50%
Sitting
50%
solar
50%
wouldn’t
50%
ways
42%
all
33%
to
33%
bits
17%
No matching quizzes found
Score Distribution
Percent of People with Each Score
Percentile by Number Answered
Your Score History
You have not taken this quiz